| 000 | nam a22 7a 4500 | ||
|---|---|---|---|
| 999 |
_c127198 _d127198 |
||
| 008 | 171108b xxu||||| |||| 00| 0 eng d | ||
| 050 | _aBX3704.E5 1883 | ||
| 245 |
_aGeneral examination, summary of bulls, triduum letters _c/ Jesuits |
||
| 260 |
_aRoehampton _bManresa Press _c1883 |
||
| 300 |
_a84p. ; _c21cm. |
||
| 650 |
_aJesuits _xRules _937450 |
||
| 710 |
_aJesuits _98693 |
||
| 942 |
_2lcc _cMONOGRAPH |
||